Normal view
MARC view
Entry Geographic Name
001 - CONTROL NUMBER
- control field: 9369
003 - CONTROL NUMBER IDENTIFIER
- control field: BD-DhEWU
005 - DATE AND TIME OF LATEST TRANSACTION
- control field: 20140521150933.0
008 - FIXED-LENGTH DATA ELEMENTS
- fixed length control field: 140521|| aca||aabn | a|a d
040 ## - CATALOGING SOURCE
- Original cataloging agency: BD-DhEWU
- Transcribing agency: BD-DhEWU
151 ## - HEADING--GEOGRAPHIC NAME
- Geographic name: India
- General subdivision: Foreign relations
- Chronological subdivision: 1984-
- Form subdivision: Sources.
670 ## - SOURCE DATA FOUND
- Source citation: Work cat.: (BD-DhEWU)0: India-Pakistan relations, 1947-2007 :, 2012.